6-Letter 'FF' Words Quiz Stats

 Plays Quiz Updated Oct 12, 2017

Score 0/22 Timer 04:00
2 Plays Today
Clue _ _ F F _ _ Word % Correct
Meal at which guests serve themselvesBuffet
96%
Box in which a corpse is buriedCoffin
95%
What you might drink at StarbucksCoffee
94.2%
Numbered tickets to win prizesRaffle
91.9%
French engineer who constructed a towerEiffel
89.2%
What Little Miss Muffet sat onTuffet
84.6%
Crisp batter cake often eaten with syrupWaffle
82.9%
Be unlike or dissimilarDiffer
81.7%
Prickly, often poisonous, marine fishPuffer
77.3%
Deaden (a sound or noise)Muffle
71.5%
Polished and made shinyBuffed
66%
Clue _ _ F F _ _ Word % Correct
Neutral zone between two rival powersBuffer
65.4%
Seabird with brightly colored billPuffin
63.5%
Disorder or disarrange (someone's hair)Ruffle
61.8%
Large cylindrical bag of heavy clothDuffel
58%
Restrained with manaclesCuffed
56.7%
Feel pain or be in painSuffer
56.1%
Electrician responsible for movie lightingGaffer
54.7%
Totally bewilder or perplexBaffle
54.5%
Burst of deep loud hearty laughterGuffaw
54.5%
Caramelized sugarToffee
49.9%
Blew hard and loudlyHuffed
48.4%

You're not logged in!

Compare scores with friends on all Sporcle quizzes.
OR
Log In

Show Comments

Extras

Top Quizzes Today


Score Distribution

Your Account Isn't Verified!

In order to create a playlist on Sporcle, you need to verify the email address you used during registration. Go to your Sporcle Settings to finish the process.

Report this User

Report this user for behavior that violates our Community Guidelines.

Details: